[Event "ARG-ch U14 Girls"]
[Site "Buenos Aires"]
[Date "2019.03.01"]
[Round "2.5"]
[White "Bertorello, Constanza"]
[Black "Kutianski, Sofia"]
[Result "1-0"]
[WhiteElo "1508"]
[BlackElo "1138"]
[PlyCount "59"]
[EventDate "2019.03.01"]
[EventType "swiss"]
[EventRounds "9"]
[EventCountry "ARG"]
[SourceTitle "EXT 2024"]
[Source "ChessBase"]
[SourceDate "2023.10.10"]
[SourceVersion "1"]
[SourceVersionDate "2023.10.10"]
[SourceQuality "1"]

1. e4 e5 2. Nf3 Nf6 3. Nc3 Nc6 4. Bb5 a6 5. Ba4 b5 6. Bb3 d6 7. Ng5 d5 8. Nxd5 Nxd5 9. Bxd5 Qf6 10. Nxf7 Bc5 11. Qf3 Rf8 12. Qxf6 gxf6 13. Bxc6+ Kxf7 14. Bxa8 Bd7 15. Bd5+ Ke7 16. a3 c6 17. Bb3 Bb6 18. d3 f5 19. Bg5+ Kd6 20. 0-0-0 f4 21. f3 Be6 22. Bxe6 Kxe6 23. Kb1 Rg8 24. h4 Rg6 25. d4 Bxd4 26. Bxf4 Rxg2 27. Rh2 Rxh2 28. Bxh2 h5 29. Bg1 c5 30. c3 1-0

[Event "ARG-ch U12 Girls"]
[Site "Villa Martelli"]
[Date "2018.02.12"]
[Round "7.2"]
[White "Rueda Nessi, Juana"]
[Black "Bertorello, Constanza"]
[Result "1-0"]
[WhiteElo "1496"]
[BlackElo "1288"]
[PlyCount "51"]
[EventDate "2018.02.09"]
[EventType "swiss"]
[EventRounds "9"]
[EventCountry "ARG"]
[SourceTitle "EXT 2024"]
[Source "ChessBase"]
[SourceDate "2023.10.10"]
[SourceVersion "1"]
[SourceVersionDate "2023.10.10"]
[SourceQuality "1"]

1. e4 e5 2. Nf3 Nf6 3. Bc4 Nxe4 4. Qe2 d5 5. Bb3 Nc6 6. d3 Nf6 7. Nxe5 Nxe5 8. Qxe5+ Qe7 9. Bf4 Qxe5+ 10. Bxe5 Be7 11. Bxc7 0-0 12. 0-0 Bf5 13. Nd2 Rac8 14. Be5 Nd7 15. Bd4 Nb6 16. h3 Rc6 17. Nf3 Re6 18. Rfe1 Rxe1+ 19. Rxe1 Be6 20. c3 Rc8 21. Bxb6 axb6 22. Bxd5 Bxd5 23. Rxe7 Kf8 24. Rd7 Bxa2 25. Rxb7 Bb1 26. d4 1-0